[Event "BPB Limburg open B"]
[Site "Maastricht"]
[Date "2015.05.24"]
[Round "5"]
[White "Van Loy, Rick"]
[Black "Bulthuis, Jelle"]
[Result "1/2-1/2"]
[WhiteElo "1966"]
[BlackElo "1852"]
[PlyCount "31"]
[EventDate "2015.05.22"]
[EventType "swiss"]
[EventRounds "7"]
[EventCountry "NED"]
[Source "P.Boonen"]
[SourceDate "2015.10.01"]

1. e4 e5 2. Nf3 Nc6 3. d4 exd4 4. Bc4 Nf6 5. O-O Nxe4 6. Nc3 Nxc3 7. Re1+ Be7
8. bxc3 d5 9. Bd3 dxc3 10. Ng5 g6 11. Qf3 O-O 12. Nxh7 Kxh7 13. Qh5+ Kg8 14.
Bxg6 fxg6 15. Qxg6+ Kh8 16. Qh6+ 1/2-1/2

[Event "BPB Limburg open B"]
[Site "Maastricht"]
[Date "2015.05.24"]
[Round "5"]
[White "Van Randtwijk, Mick"]
[Black "Willen, Ronny"]
[Result "1-0"]
[WhiteElo "1852"]
[BlackElo "1873"]
[PlyCount "73"]
[EventDate "2015.05.22"]
[EventType "swiss"]
[EventRounds "7"]
[EventCountry "NED"]
[Source "P.Boonen"]
[SourceDate "2015.10.01"]

1. e4 c5 2. Nf3 d6 3. d4 cxd4 4. Nxd4 Nf6 5. Nc3 g6 6. Be3 Bg7 7. f3 O-O 8. Bc4
Nc6 9. Qd2 Bd7 10. O-O-O Ne5 11. Bb3 Qa5 12. h4 Rfc8 13. g4 Nc4 14. Bxc4 Rxc4
15. h5 Rxc3 16. bxc3 Qxa2 17. Qd3 Rc8 18. Kd2 a6 19. Rb1 Rc7 20. hxg6 fxg6 21.
Rb3 Ba4 22. Rb4 a5 23. Rbb1 Nd7 24. Ra1 Qc4 25. Qxc4+ Rxc4 26. Rhb1 b5 27. Ra2
b4 28. cxb4 Bxd4 29. Bxd4 Rxd4+ 30. Ke3 e5 31. Rxa4 Nb6 32. Rxa5 Nc4+ 33. Ke2
Rd2+ 34. Ke1 Rxc2 35. Ra8+ Kg7 36. b5 Nb6 37. Ra6 1-0

[Event "BPB Limburg open B"]
[Site "Maastricht"]
[Date "2015.05.24"]
[Round "5"]
[White "Van Roon, Sjoerd"]
[Black "De Mon, Gino"]
[Result "1/2-1/2"]
[WhiteElo "1853"]
[BlackElo "1855"]
[PlyCount "122"]
[EventDate "2015.05.22"]
[EventType "swiss"]
[EventRounds "7"]
[EventCountry "NED"]
[Source "P.Boonen"]
[SourceDate "2015.10.01"]

1. e4 c5 2. Nf3 g6 3. d4 cxd4 4. Nxd4 Nc6 5. Be3 Bg7 6. Nc3 Nf6 7. Bc4 O-O 8.
f3 Qb6 9. Bb3 Nxe4 10. fxe4 Bxd4 11. Bxd4 Qxd4 12. Qf3 d6 13. Rd1 Qe5 14. O-O
Be6 15. Qf2 Bxb3 16. axb3 e6 17. Kh1 Rac8 18. Rd3 b5 19. Rfd1 Rfd8 20. Qh4 b4
21. Na4 Kg7 22. Rh3 h5 23. Rf1 Nd4 24. Qe7 Rf8 25. c3 Nc6 26. Qb7 d5 27. Nc5
Rc7 28. Qb5 dxe4 29. cxb4 Nxb4 30. Nxe6+ Qxe6 31. Qxb4 f5 32. Re3 Rff7 33. Rc3
Rxc3 34. bxc3 Rd7 35. c4 Qd6 36. Qc3+ Qd4 37. Qxd4+ Rxd4 38. c5 Rd7 39. b4 Kf6
40. c6 Rc7 41. b5 Ke7 42. Rd1 a6 43. bxa6 Rxc6 44. Ra1 Rc8 45. a7 Ra8 46. Kg1
Kd7 47. Ra6 Kc7 48. Rxg6 Rxa7 49. Rg7+ Kb6 50. Rg6+ Kc5 51. Rf6 Kd4 52. Rxf5 e3
53. Kf1 Ra1+ 54. Ke2 Ra2+ 55. Kf1 h4 56. Rf8 Rd2 57. Rd8+ Kc3 58. Rc8+ Kd3 59.
Rd8+ Kc2 60. Re8 Rf2+ 61. Ke1 Rxg2 1/2-1/2

[Event "BPB Limburg open B"]
[Site "Maastricht"]
[Date "2015.05.24"]
[Round "5"]
[White "Van de Griend, Johan"]
[Black "Orbons, Richard"]
[Result "1-0"]
[WhiteElo "1907"]
[BlackElo "1578"]
[PlyCount "87"]
[EventDate "2015.05.22"]
[EventType "swiss"]
[EventRounds "7"]
[EventCountry "NED"]
[Source "P.Boonen"]
[SourceDate "2015.10.01"]

1. e4 d6 2. d4 Nf6 3. Nc3 c6 4. Be2 g6 5. h4 h5 6. Bg5 Bg7 7. Nf3 Qa5 8. O-O
Bg4 9. Qd2 Nbd7 10. Rab1 Qc7 11. b4 a6 12. a4 O-O 13. Bh6 Rfc8 14. Bxg7 Kxg7
15. Nh2 Bxe2 16. Qxe2 e5 17. dxe5 dxe5 18. f3 Nf8 19. Qe3 Ne6 20. Ne2 Rd8 21.
g4 Qd6 22. g5 Ne8 23. f4 exf4 24. Nxf4 Qd4 25. Nxe6+ fxe6 26. Qxd4+ Rxd4 27. c3
Rd3 28. Nf3 Nd6 29. Ne5 Rxc3 30. Rf6 Nxe4 31. Rxg6+ Kh7 32. Rd1 Rg3+ 33. Kh2
Rh3+ 34. Kxh3 Nf2+ 35. Kg3 Nxd1 36. Rxe6 Rg8 37. Re7+ Rg7 38. g6+ Kh6 39. Re8
Rxg6+ 40. Nxg6 Kxg6 41. Re7 Nc3 42. a5 Nd5 43. Rxb7 Kf6 44. Rb6 1-0

[Event "BPB Limburg open B"]
[Site "Maastricht"]
[Date "2015.05.24"]
[Round "5"]
[White "Van den Bos, Frans Pieter"]
[Black "Cornelius, Jorg"]
[Result "1/2-1/2"]
[WhiteElo "1959"]
[BlackElo "2022"]
[PlyCount "80"]
[EventDate "2015.05.22"]
[EventType "swiss"]
[EventRounds "7"]
[EventCountry "NED"]
[Source "P.Boonen"]
[SourceDate "2015.10.01"]

1. c4 Nf6 2. Nc3 c5 3. e4 d6 4. g3 Nc6 5. Bg2 g6 6. Nge2 Bg7 7. O-O O-O 8. d3
Rb8 9. h3 a6 10. Rb1 b5 11. b3 Bd7 12. Be3 e5 13. Qd2 Nd4 14. f4 b4 15. Nd5
Nxd5 16. cxd5 a5 17. Kh2 Nxe2 18. Qxe2 f5 19. Qd2 a4 20. fxe5 Bxe5 21. d4 cxd4
22. Bxd4 Qf6 23. Bxe5 Qxe5 24. exf5 Rxf5 25. Rxf5 Qxf5 26. Rf1 Qe5 27. Qf2 Qe7
28. Re1 Qd8 29. Qf4 Qf8 30. Qd4 Qd8 31. Rc1 axb3 32. axb3 Qb6 33. Qxb6 Rxb6 34.
Rc7 Be8 35. Rc8 Kf8 36. h4 Rb5 37. Rc7 Bf7 38. Rc8+ Ke7 39. Rc7+ Ke8 40. Rc4
Ke7 1/2-1/2

[Event "BPB Limburg open B"]
[Site "Maastricht"]
[Date "2015.05.24"]
[Round "5"]
[White "Veelenturf, Wim"]
[Black "Beranek, Tomas"]
[Result "1/2-1/2"]
[WhiteElo "1712"]
[BlackElo "1803"]
[PlyCount "66"]
[EventDate "2015.05.22"]
[EventType "swiss"]
[EventRounds "7"]
[EventCountry "NED"]
[Source "P.Boonen"]
[SourceDate "2015.10.01"]

1. e4 c6 2. d4 d5 3. Nc3 dxe4 4. Nxe4 Nd7 5. Nf3 Ngf6 6. Ng3 Nb6 7. c3 Bg4 8.
Be2 e6 9. O-O Bd6 10. Ne5 Bxe2 11. Qxe2 O-O 12. Bg5 Be7 13. Rfd1 Nfd5 14. Bxe7
Qxe7 15. Nd3 Rfd8 16. Ne4 Nc8 17. Re1 Nd6 18. Nxd6 Rxd6 19. Qf3 Rad8 20. g3 Nf6
21. Re2 b6 22. Ne5 Qc7 23. Ng4 Nxg4 24. Qxg4 c5 25. dxc5 Qxc5 26. Qe4 Qd5 27.
Qxd5 Rxd5 28. Kg2 e5 29. Rae1 f6 30. c4 Rd4 31. b3 R8d7 32. Rc2 Rd2 33. Re2
Rxe2 1/2-1/2

[Event "BPB Limburg open B"]
[Site "Maastricht"]
[Date "2015.05.24"]
[Round "5"]
[White "Visse, Bernard"]
[Black "Reichardt, Robin"]
[Result "1/2-1/2"]
[WhiteElo "1723"]
[BlackElo "1707"]
[PlyCount "113"]
[EventDate "2015.05.22"]
[EventType "swiss"]
[EventRounds "7"]
[EventCountry "NED"]
[Source "P.Boonen"]
[SourceDate "2015.10.01"]

1. d4 d5 2. Bf4 Nf6 3. e3 e6 4. Nd2 c5 5. c3 Nc6 6. Ngf3 Be7 7. h3 O-O 8. Bd3
b6 9. Ne5 Bb7 10. O-O h6 11. Bg3 Nxe5 12. dxe5 Ne4 13. Nxe4 dxe4 14. Bc2 Qxd1
15. Rfxd1 Rfd8 16. c4 Kf8 17. Rxd8+ Rxd8 18. Rd1 Bc6 19. Rxd8+ Bxd8 20. Kf1 Ke8
21. Bd1 a6 22. Be2 Kd7 23. b3 b5 24. f3 exf3 25. Bxf3 Bc7 26. Kf2 Bb8 27. h4
Kc7 28. Bh5 Be8 29. Bf3 Kb6 30. Bf4 bxc4 31. bxc4 Bc6 32. Bh5 Be8 33. Bf3 Ka5
34. Bb7 Bc7 35. g4 Ba4 36. g5 hxg5 37. hxg5 g6 38. Ke2 Kb6 39. Be4 Bc6 40. Bc2
Ka5 41. a3 Ba4 42. Kd3 Bxc2+ 43. Kxc2 Ka4 44. Kb2 Ba5 45. e4 Bc7 46. Ka2 Ka5
47. Kb3 Kb6 48. Kc2 Kc6 49. Kd3 Ba5 50. Bd2 Kb6 51. Bf4 Be1 52. Kc2 Bf2 53. Kb3
Bd4 54. Ka4 Bf2 55. Kb3 Bd4 56. Kc2 Ka5 57. Kb3 1/2-1/2

[Event "BPB Limburg open B"]
[Site "Maastricht"]
[Date "2015.05.24"]
[Round "5"]
[White "Wedda, Dries"]
[Black "Bratuszewski, Jorden"]
[Result "1/2-1/2"]
[WhiteElo "1674"]
[BlackElo "1859"]
[PlyCount "45"]
[EventDate "2015.05.22"]
[EventType "swiss"]
[EventRounds "7"]
[EventCountry "NED"]
[Source "P.Boonen"]
[SourceDate "2015.10.01"]

1. d4 Nf6 2. c4 e6 3. Nf3 c5 4. g3 cxd4 5. Nxd4 a6 6. Bg2 Be7 7. e4 d6 8. O-O
O-O 9. Nc3 Nbd7 10. Nc2 Qc7 11. b3 Rb8 12. Bb2 b5 13. cxb5 axb5 14. b4 Ne5 15.
Ne3 Ba6 16. a3 Rfc8 17. Rc1 Qb6 18. Qe2 Nc4 19. Nxc4 Rxc4 20. Rc2 Rbc8 21. Rfc1
Nd7 22. h4 Ne5 23. Bf1 1/2-1/2

[Event "BPB Limburg open B"]
[Site "Maastricht"]
[Date "2015.05.24"]
[Round "5"]
[White "Westerweele, Henrik"]
[Black "Hilwerda, Jonas"]
[Result "0-1"]
[WhiteElo "1906"]
[BlackElo "1716"]
[PlyCount "64"]
[EventDate "2015.05.22"]
[EventType "swiss"]
[EventRounds "7"]
[EventCountry "NED"]
[Source "P.Boonen"]
[SourceDate "2015.10.01"]

1. e4 e5 2. Nf3 Nc6 3. Bc4 Nf6 4. d3 Be7 5. c3 O-O 6. O-O d5 7. exd5 Nxd5 8.
Re1 Bg4 9. h3 Bh5 10. g4 Bg6 11. Nxe5 Nxe5 12. Rxe5 Nb6 13. Bb3 Nd7 14. Re1 Nc5
15. Bc2 Bh4 16. d4 Bxf2+ 17. Kxf2 Qh4+ 18. Kg2 Bxc2 19. Qe2 Be4+ 20. Kh2 Nd3
21. Rg1 Rae8 22. Be3 f5 23. Nd2 f4 24. Nxe4 Rxe4 25. Qxd3 Rxe3 26. Qc4+ Rf7 27.
Qf1 Rfe7 28. Rd1 f3 29. Rd2 Re2+ 30. Kh1 Rxd2 31. Qxf3 Rf7 32. Qe3 Qf2 0-1

[Event "BPB Limburg open B"]
[Site "Maastricht"]
[Date "2015.05.24"]
[Round "5"]
[White "Willockx, Ritsaart"]
[Black "Van den Akker, Guus"]
[Result "1/2-1/2"]
[WhiteElo "1908"]
[BlackElo "1753"]
[PlyCount "100"]
[EventDate "2015.05.22"]
[EventType "swiss"]
[EventRounds "7"]
[EventCountry "NED"]
[Source "P.Boonen"]
[SourceDate "2015.10.01"]

1. b3 d5 2. Bb2 Nf6 3. e3 c6 4. Nf3 Bg4 5. Be2 Nbd7 6. d4 e6 7. Ne5 Bxe2 8.
Qxe2 Bd6 9. f4 c5 10. O-O Qc7 11. Nd2 a6 12. c4 cxd4 13. exd4 dxc4 14. Ndxc4 b5
15. Nxd6+ Qxd6 16. f5 O-O 17. fxe6 fxe6 18. Nxd7 Nxd7 19. Rxf8+ Rxf8 20. Re1
Re8 21. Rf1 Rf8 22. Re1 Re8 23. Rf1 Rf8 24. Rxf8+ Nxf8 25. h3 Nd7 26. Qh5 Qe7
27. Qf3 Qd6 28. Qh5 Qe7 29. Kh1 Qf7 30. Qe2 Qf5 31. Ba3 Nf6 32. Bd6 Qe4 33. Qf2
Qf5 34. Qe1 Ne4 35. Be5 Nf2+ 36. Kh2 Nd3 37. Qg3 Nxe5 38. Qxe5 Qxe5+ 39. dxe5
Kf7 40. Kg3 Ke7 41. Kf4 Kd7 42. b4 Kc6 43. Ke4 Kd7 44. h4 h6 45. h5 Kc7 46. g4
Kb6 47. Kd4 Kc6 48. Ke4 Kb6 49. Kd4 Kc6 50. Ke4 Kd7 1/2-1/2

[Event "BPB Limburg open B"]
[Site "Maastricht"]
[Date "2015.05.24"]
[Round "5"]
[White "Winand, Michael"]
[Black "Heuts, John"]
[Result "1-0"]
[WhiteElo "1757"]
[BlackElo "1880"]
[PlyCount "77"]
[EventDate "2015.05.22"]
[EventType "swiss"]
[EventRounds "7"]
[EventCountry "NED"]
[Source "P.Boonen"]
[SourceDate "2015.10.01"]

1. e4 e6 2. d3 d5 3. Nd2 Nf6 4. g3 c5 5. Bg2 Nc6 6. Ngf3 Bd6 7. O-O O-O 8. Re1
Qc7 9. c3 d4 10. cxd4 cxd4 11. Nc4 e5 12. Bg5 Qe7 13. Rc1 h6 14. Bxf6 Qxf6 15.
h3 Bd7 16. Nh2 b5 17. Nxd6 Qxd6 18. f4 Rac8 19. f5 Nb4 20. Qb3 a5 21. a3 Na6
22. Bf1 a4 23. Qd1 Nc5 24. Qh5 Nb3 25. Rxc8 Rxc8 26. Ng4 Rc2 27. Re2 Rxe2 28.
Bxe2 Be8 29. f6 Kh7 30. Qf5+ g6 31. Qxe5 Qe6 32. Qxe6 fxe6 33. Ne5 Kg8 34. Bg4
Nc5 35. Be2 Kf8 36. g4 g5 37. Kf2 Nd7 38. Nxd7+ Bxd7 39. e5 1-0

[Event "BPB Limburg open B"]
[Site "Maastricht"]
[Date "2015.05.24"]
[Round "5"]
[White "Wuijts, Johan"]
[Black "Feltman, Bart"]
[Result "1-0"]
[WhiteElo "1782"]
[BlackElo "1806"]
[PlyCount "59"]
[EventDate "2015.05.22"]
[EventType "swiss"]
[EventRounds "7"]
[EventCountry "NED"]
[Source "P.Boonen"]
[SourceDate "2015.10.01"]

1. e4 e6 2. d4 d5 3. e5 c5 4. c3 Nc6 5. Nf3 Qb6 6. Bd3 Bd7 7. O-O cxd4 8. cxd4
Nb4 9. Be2 Rc8 10. Nc3 Ne7 11. a3 Nbc6 12. Na4 Qc7 13. Bd3 Ng6 14. h4 f6 15.
Re1 fxe5 16. dxe5 Be7 17. Bxg6+ hxg6 18. Qd3 Kf7 19. Bg5 Be8 20. Rac1 Bxg5 21.
Nxg5+ Ke7 22. g3 Qa5 23. Nc5 Nxe5 24. Rxe5 Rxc5 25. Rxe6+ Kd7 26. Rce1 Rc6 27.
Re7+ Kd8 28. b4 Qb6 29. Qxd5+ Rd6 30. Qe5 1-0

[Event "BPB Limburg open B"]
[Site "Maastricht"]
[Date "2015.05.24"]
[Round "5"]
[White "Zatyko, Ferry"]
[Black "Arns, Danny"]
[Result "1-0"]
[WhiteElo "1777"]
[BlackElo "1841"]
[PlyCount "69"]
[EventDate "2015.05.22"]
[EventType "swiss"]
[EventRounds "7"]
[EventCountry "NED"]
[Source "P.Boonen"]
[SourceDate "2015.10.01"]

1. e4 e6 2. d4 d5 3. Nd2 Be7 4. Bd3 c5 5. exd5 Qxd5 6. Bb5+ Bd7 7. Bxd7+ Nxd7
8. Ndf3 e5 9. dxe5 Qxd1+ 10. Kxd1 O-O-O 11. Ke2 f6 12. Bf4 fxe5 13. Bxe5 Re8
14. Kd3 Ngf6 15. h3 Nxe5+ 16. Nxe5 Nd5 17. Ngf3 Nf4+ 18. Kc4 Nxg2 19. Rhg1 Nf4
20. Nf7 Rhf8 21. Rxg7 Bf6 22. Nd6+ Kd8 23. Nxb7+ Kc8 24. Nd6+ Kb8 25. Nxe8 Rxe8
26. Rxh7 Re4+ 27. Kxc5 Be7+ 28. Kc6 Rc4+ 29. Kd7 Bb4 30. Rh4 Rc7+ 31. Ke8 Re7+
32. Kf8 Ng6+ 33. Kg8 Rb7 34. Rxb4 Rxb4 35. Kf7 1-0

[Event "BPB Limburg open B"]
[Site "Maastricht"]
[Date "2015.05.25"]
[Round "6"]
[White "Arns, Danny"]
[Black "Eveleens, Ed"]
[Result "1/2-1/2"]
[WhiteElo "1841"]
[BlackElo "1777"]
[PlyCount "55"]
[EventDate "2015.05.22"]
[EventType "swiss"]
[EventRounds "7"]
[EventCountry "NED"]
[Source "P.Boonen"]
[SourceDate "2015.10.01"]

1. e4 d5 2. exd5 Qxd5 3. d4 Nf6 4. Nc3 Qd6 5. Nf3 c6 6. Bg5 Bf5 7. Bd3 Bxd3 8.
Qxd3 Nbd7 9. h3 e6 10. O-O-O Be7 11. g3 Nd5 12. Bxe7 Qxe7 13. Nxd5 cxd5 14. h4
O-O-O 15. Qb5 Kb8 16. Rhe1 Nb6 17. Rd3 Qd7 18. Qxd7 Nxd7 19. Ng5 Rdf8 20. Rde3
h6 21. Nf3 Rc8 22. Ne5 Nxe5 23. Rxe5 Kc7 24. f4 Kd7 25. f5 Rce8 26. Rf1 f6 27.
fxe6+ Kd6 28. Re3 1/2-1/2

[Event "BPB Limburg open B"]
[Site "Maastricht"]
[Date "2015.05.25"]
[Round "6"]
[White "Beranek, Tomas"]
[Black "Ramaekers, Philippe1"]
[Result "1/2-1/2"]
[WhiteElo "1803"]
[BlackElo "1883"]
[PlyCount "86"]
[EventDate "2015.05.22"]
[EventType "swiss"]
[EventRounds "7"]
[EventCountry "NED"]
[Source "P.Boonen"]
[SourceDate "2015.10.01"]

1. d4 f5 2. Nf3 Nf6 3. e3 g6 4. c4 Bg7 5. Bd3 d6 6. Nc3 O-O 7. O-O Qe8 8. Qc2
Na6 9. a3 e5 10. dxe5 dxe5 11. Be2 e4 12. Nd4 c6 13. b3 Nc7 14. Bb2 a6 15. c5
Kh8 16. b4 g5 17. Bc4 Ng4 18. Nce2 Qh5 19. h3 Ne5 20. f4 Nxc4 21. Qxc4 Nd5 22.
Qc1 g4 23. hxg4 Qxg4 24. g3 Bd7 25. Kg2 Kg8 26. Qd2 Rae8 27. Rh1 Re7 28. Rh4
Qg6 29. Rh3 Nf6 30. Nb3 Be8 31. Bxf6 Bxf6 32. Rah1 Rd7 33. Qc2 Qg4 34. Nbd4 Re7
35. Rf1 Bf7 36. Rhh1 Rd8 37. Rd1 Red7 38. Qc1 Bb3 39. Rd2 Bf7 40. Rdd1 h5 41.
Rh3 h4 42. Rf1 Kf8 43. Qc3 Bg8 1/2-1/2

[Event "BPB Limburg open B"]
[Site "Maastricht"]
[Date "2015.05.25"]
[Round "6"]
[White "Boschmans, Jos"]
[Black "Visse, Bernard"]
[Result "0-1"]
[WhiteElo "1853"]
[BlackElo "1723"]
[PlyCount "38"]
[EventDate "2015.05.22"]
[EventType "swiss"]
[EventRounds "7"]
[EventCountry "NED"]
[Source "P.Boonen"]
[SourceDate "2015.10.01"]

1. d4 Nf6 2. c4 e5 3. dxe5 Ng4 4. Nf3 Bc5 5. e3 Nc6 6. Nc3 Ngxe5 7. Be2 O-O 8.
O-O Re8 9. b3 Nxf3+ 10. Bxf3 Ne5 11. Be2 a5 12. Bb2 Ra6 13. Na4 Rd6 14. Qc2 Ba7
15. Rfd1 Rh6 16. c5 d6 17. Rac1 Qh4 18. h3 Bxh3 19. Bxe5 Bf5 0-1

[Event "BPB Limburg open B"]
[Site "Maastricht"]
[Date "2015.05.25"]
[Round "6"]
[White "Boudry, William"]
[Black "Schleipfenbauer, Bent"]
[Result "1/2-1/2"]
[WhiteElo "1711"]
[BlackElo "2030"]
[PlyCount "107"]
[EventDate "2015.05.22"]
[EventType "swiss"]
[EventRounds "7"]
[EventCountry "NED"]
[Source "P.Boonen"]
[SourceDate "2015.10.01"]

1. e4 c5 2. Nf3 Nc6 3. d4 cxd4 4. Nxd4 g6 5. g3 Bg7 6. Be3 Nf6 7. Bg2 O-O 8.
Nc3 d6 9. O-O Ng4 10. Nxc6 Nxe3 11. Nxd8 Nxd1 12. Raxd1 Rxd8 13. Nd5 e6 14. Nc7
Rb8 15. Nb5 Bxb2 16. Rxd6 Rxd6 17. Nxd6 e5 18. Rb1 Bd4 19. Bf1 Be6 20. a4 b6
21. Nb5 Rd8 22. Nxa7 Ra8 23. Nb5 Rxa4 24. Nxd4 Rxd4 25. Bd3 Bc4 26. Rxb6 Bxd3
27. cxd3 Rxd3 28. Rb5 f6 29. Rb6 Kg7 30. Rb7+ Kh6 31. Rf7 Rd6 32. h4 Ra6 33.
Kg2 Rb6 34. f3 g5 35. hxg5+ fxg5 36. Rf5 Rb5 37. Kf2 Kg6 38. g4 h6 39. Ke2 Rb3
40. Rxe5 Kf6 41. Rd5 Ke6 42. Rd3 Rb2+ 43. Ke3 Ra2 44. Rb3 Rh2 45. Rb6+ Kf7 46.
e5 h5 47. Ke4 hxg4 48. fxg4 Rf2 49. Rf6+ Rxf6 50. exf6 Kxf6 51. Kd5 Kf7 52. Ke5
Ke7 53. Kf5 Kf7 54. Kxg5 1/2-1/2

[Event "BPB Limburg open B"]
[Site "Maastricht"]
[Date "2015.05.25"]
[Round "6"]
[White "Brasse, Bram"]
[Black "Winand, Michael"]
[Result "0-1"]
[WhiteElo "1901"]
[BlackElo "1757"]
[PlyCount "110"]
[EventDate "2015.05.22"]
[EventType "swiss"]
[EventRounds "7"]
[EventCountry "NED"]
[Source "P.Boonen"]
[SourceDate "2015.10.01"]

1. e4 e5 2. Nf3 Nc6 3. Bb5 a6 4. Bxc6 dxc6 5. d4 exd4 6. Qxd4 Qxd4 7. Nxd4 Bd7
8. Nc3 Nf6 9. f3 O-O-O 10. Be3 Bb4 11. O-O-O Rhe8 12. Rhe1 h6 13. a3 Bxc3 14.
bxc3 c5 15. Ne2 b6 16. Ng3 Be6 17. Re2 Nd7 18. Nh5 g6 19. Ng7 Rh8 20. Nxe6 fxe6
21. Bf4 g5 22. Bg3 h5 23. h3 Rdf8 24. Red2 Rh7 25. Kb2 Nb8 26. h4 gxh4 27. Bxh4
Nc6 28. Re2 Rg7 29. e5 Na5 30. Bf6 Rh7 31. Rh1 Rff7 32. Rh4 b5 33. Re1 Nc4+ 34.
Kb3 Rd7 35. Reh1 Kb7 36. Rxh5 Rxh5 37. Rxh5 Rd1 38. Ka2 Rd2 39. g4 Rxc2+ 40.
Ka1 Rxc3 41. f4 Rxa3+ 42. Kb1 Rf3 43. f5 exf5 44. gxf5 Ne3 45. e6 Nxf5 46. e7
Nd6 47. Bg7 Re3 48. Bf8 Kc6 49. Kc2 Kd7 50. Rxc5 c6 51. Rh5 Nc8 52. Rh7 Nxe7
53. Kd2 Re6 54. Kd3 Ke8 55. Rh8 Ng6 0-1

[Event "BPB Limburg open B"]
[Site "Maastricht"]
[Date "2015.05.25"]
[Round "6"]
[White "Bratuszewski, Jorden"]
[Black "Schilperoort, Jeroen"]
[Result "1/2-1/2"]
[WhiteElo "1859"]
[BlackElo "1940"]
[PlyCount "56"]
[EventDate "2015.05.22"]
[EventType "swiss"]
[EventRounds "7"]
[EventCountry "NED"]
[Source "P.Boonen"]
[SourceDate "2015.10.01"]

1. Nf3 Nc6 2. d4 d6 3. c4 g6 4. Nc3 Bg7 5. d5 Nb8 6. e4 Nf6 7. h3 O-O 8. Bd3
Nbd7 9. b4 Nxe4 10. Nxe4 Bxa1 11. Bh6 Bg7 12. Bxg7 Kxg7 13. g4 h6 14. Ng3 e6
15. dxe6 fxe6 16. g5 Ne5 17. gxh6+ Kh8 18. Nxe5 dxe5 19. Qe2 Qf6 20. Rg1 Bd7
21. Nh5 gxh5 22. Rg7 e4 23. Qxe4 Qxf2+ 24. Kd1 Ba4+ 25. Kc1 Qf4+ 26. Qxf4 Rxf4
27. Rh7+ Kg8 28. Rg7+ Kh8 1/2-1/2

[Event "BPB Limburg open B"]
[Site "Maastricht"]
[Date "2015.05.25"]
[Round "6"]
[White "Broekhuis, Jan"]
[Black "Tutenel, Erik"]
[Result "1-0"]
[WhiteElo "1865"]
[BlackElo "1853"]
[PlyCount "105"]
[EventDate "2015.05.22"]
[EventType "swiss"]
[EventRounds "7"]
[EventCountry "NED"]
[Source "P.Boonen"]
[SourceDate "2015.10.01"]

1. e4 e5 2. Nf3 Nc6 3. Bb5 a6 4. Ba4 Nf6 5. O-O b5 6. Bb3 Be7 7. Qe2 O-O 8. c3
d5 9. d3 Re8 10. Re1 Bf8 11. Bg5 dxe4 12. dxe4 Be6 13. Nbd2 h6 14. Bxf6 Qxf6
15. Bd5 Bxd5 16. exd5 Ne7 17. Ne4 Qb6 18. Rad1 Rad8 19. c4 bxc4 20. Qxc4 Ng6
21. b3 Bd6 22. Rc1 Ne7 23. Red1 Rc8 24. Nc3 Qa5 25. Qa4 Qb6 26. Nd2 Qa7 27. Nc4
Rb8 28. Ne4 Red8 29. Ncxd6 cxd6 30. Qa5 Rd7 31. Qa4 Rdd8 32. Rc4 Qb7 33. Qa5
Rd7 34. Ra4 Ra8 35. h3 Ra7 36. Rb4 Qa8 37. Rb6 Qd8 38. Qb4 Nc8 39. Rc6 f5 40.
Ng3 Ne7 41. Rb6 Kh7 42. a4 g6 43. Ne2 Nc8 44. Rb8 Rdc7 45. f4 e4 46. Nd4 Qd7
47. Ne6 Qe7 48. Nxc7 Qxc7 49. Re1 Ne7 50. Re8 Nxd5 51. Qd4 Qc5 52. Rd1 Nxf4 53.
Rh8# 1-0

[Event "BPB Limburg open B"]
[Site "Maastricht"]
[Date "2015.05.25"]
[Round "6"]
[White "Bulthuis, Jelle"]
[Black "Ibrahim, Ashraf"]
[Result "1/2-1/2"]
[WhiteElo "1852"]
[BlackElo "1824"]
[PlyCount "47"]
[EventDate "2015.05.22"]
[EventType "swiss"]
[EventRounds "7"]
[EventCountry "NED"]
[Source "P.Boonen"]
[SourceDate "2015.10.01"]

1. e4 d5 2. exd5 Qxd5 3. Nc3 Qa5 4. Bc4 Nf6 5. d3 c6 6. Nf3 Bg4 7. h3 Qh5 8.
Ne4 Nxe4 9. dxe4 e6 10. Be3 Nd7 11. O-O Bxf3 12. Qxf3 Qxf3 13. gxf3 Bc5 14. Bd2
Ne5 15. Be2 Rd8 16. Rfd1 Ke7 17. Bc3 f6 18. b4 Bb6 19. a4 Bc7 20. Bd4 Bb6 21.
Bc3 Bc7 22. a5 Rxd1+ 23. Rxd1 Rd8 24. Bd4 1/2-1/2

[Event "BPB Limburg open B"]
[Site "Maastricht"]
[Date "2015.05.25"]
[Round "6"]
[White "Cornelius, Jorg"]
[Black "Ploumen, Ralf"]
[Result "1-0"]
[WhiteElo "2022"]
[BlackElo "1673"]
[PlyCount "51"]
[EventDate "2015.05.22"]
[EventType "swiss"]
[EventRounds "7"]
[EventCountry "NED"]
[Source "P.Boonen"]
[SourceDate "2015.10.01"]

1. e4 g6 2. d4 Bg7 3. Nc3 c5 4. Nf3 cxd4 5. Nxd4 Nc6 6. Be3 Nf6 7. Nxc6 bxc6 8.
e5 Ng8 9. f4 d5 10. Be2 e6 11. O-O Ne7 12. Bc5 O-O 13. Qe1 Re8 14. Qf2 Qd7 15.
Rad1 Qb7 16. Na4 Bf8 17. g4 Kg7 18. Rd3 Bd7 19. Qd4 Nc8 20. f5 Kg8 21. Bxf8
Rxf8 22. f6 h6 23. Rh3 a5 24. Rxh6 Qa7 25. Qxa7 Rxa7 26. Rf3 1-0

[Event "BPB Limburg open B"]
[Site "Maastricht"]
[Date "2015.05.25"]
[Round "6"]
[White "Corneth, Erik"]
[Black "Boom, Harrie"]
[Result "0-1"]
[WhiteElo "1984"]
[BlackElo "1780"]
[PlyCount "54"]
[EventDate "2015.05.22"]
[EventType "swiss"]
[EventRounds "7"]
[EventCountry "NED"]
[Source "P.Boonen"]
[SourceDate "2015.10.01"]

1. e4 c5 2. d4 cxd4 3. c3 dxc3 4. Nxc3 d6 5. Bc4 e6 6. Nf3 Nc6 7. O-O Nf6 8.
Qe2 a6 9. Rd1 Qc7 10. Bg5 Be7 11. Rac1 O-O 12. a3 Bd7 13. b4 b5 14. Ba2 Rfe8
15. Qd3 Rad8 16. Nd5 exd5 17. exd5 Qb7 18. dxc6 Bxc6 19. Nh4 Be4 20. Qg3 Nh5
21. Qg4 Bxg5 22. Qxg5 Nf6 23. f3 h6 24. Qf4 Bh7 25. Nf5 Bxf5 26. Qxf5 Re2 27.
Rxd6 Rxd6 0-1

[Event "BPB Limburg open B"]
[Site "Maastricht"]
[Date "2015.05.25"]
[Round "6"]
[White "De Boer, Eelke"]
[Black "Bettman, Jan"]
[Result "1-0"]
[WhiteElo "1912"]
[BlackElo "1870"]
[PlyCount "46"]
[EventDate "2015.05.22"]
[EventType "swiss"]
[EventRounds "7"]
[EventCountry "NED"]
[Source "P.Boonen"]
[SourceDate "2015.10.01"]

1. e4 e5 2. Nf3 d5 3. exd5 e4 4. Qe2 Qe7 5. Nd4 g6 6. c4 Bg7 7. Nc2 Bf5 8. g4
Bd7 9. Bg2 f5 10. gxf5 gxf5 11. f3 Qh4+ 12. Qf2 Qh5 13. fxe4 fxe4 14. Bxe4 Nf6
15. Bf3 Bg4 16. Qe2+ Kd8 17. O-O Re8 18. Ne3 Re5 19. Kh1 Ne4 20. Bxg4 Ng3+ 21.
Kg2 Nxe2 22. Bxh5 Rxh5 23. Nc3 a5 1-0

[Event "BPB Limburg open B"]
[Site "Maastricht"]
[Date "2015.05.25"]
[Round "6"]
[White "De Boer, Robert"]
[Black "Coenen, Bert"]
[Result "1-0"]
[WhiteElo "1938"]
[BlackElo "1846"]
[PlyCount "63"]
[EventDate "2015.05.22"]
[EventType "swiss"]
[EventRounds "7"]
[EventCountry "NED"]
[Source "P.Boonen"]
[SourceDate "2015.10.01"]

1. e4 d6 2. d4 Nf6 3. Nc3 e5 4. Nf3 Nbd7 5. Bc4 Be7 6. O-O O-O 7. Re1 c6 8. a4
a5 9. Ba2 Qc7 10. h3 h6 11. Be3 Re8 12. Nh4 Nf8 13. Nf5 Be6 14. d5 Bd7 15. Qf3
Ng6 16. Nxe7+ Rxe7 17. Bxh6 gxh6 18. Qxf6 c5 19. Bc4 Kh7 20. Re3 Rg8 21. Rg3
Rg7 22. h4 h5 23. Be2 Re8 24. Rg5 Qd8 25. Qxd6 Nf4 26. Rxg7+ Kxg7 27. g3 Nh3+
28. Kg2 Nf4+ 29. Kh2 Kh7 30. Bb5 Ng6 31. Qxd7 Qf6 32. Qf5 1-0